Cuando los grandes reyes eran niños / (Record no. 11339)

000 -CABECERA
fixed length control field 00802nam a22002057a 4500
003 - IDENTIFICADOR DEL NÚMERO DE CONTROL
control field AR-CdUCM
008 - DATOS DE LONGITUD FIJA--INFORMACIÓN GENERAL
fixed length control field 190403b ||||| |||| 00| 0 spa d
040 ## - FUENTE DE LA CATALOGACIÓN
Agencia/entidad que catalogó originalmente la obra MUNICIPALIDAD PROVINCIAL DEL CUSCO
Entidad que transcribió la catalogación BIBLIOTECA MUNICIPAL DEL CUSCO
082 ## - NÚMERO DE LA CLASIFICACIÓN DECIMAL DEWEY
No. de Clasificación EP / 809 /
Notacion interna V48
100 ## - ENTRADA PRINCIPAL--NOMBRE DE PERSONA
Nombre Personal Verdaguer, Rosendo
245 ## - MENCIÓN DE TÍTULO
Título Cuando los grandes reyes eran niños /
260 ## - PUBLICACIÓN, DISTRIBUCIÓN, ETC.
Lugar de publicación, distribución, etc. Barcelona :
Nombre de la editorial, distribuidor, etc. Editorial Cervantes,
Fecha de publicación, distribución, etc. 1962.
300 ## - DESCRIPCIÓN FÍSICA
Nº de Páginas Extensión 158 paginas ;
Otros detalles físicos Ilustraciones,
Dimensiones 23 cm.
440 ## - MENCIÓN DE SERIE/PUNTO DE ACCESO ADICIONAL--TÍTULO
Título Colecciones Olimpo
9 (RLIN) 28657
505 ## - NOTA DE CONTENIDO CON FORMATO
Nota de contenido formateada Contenido :Tutankamon --Constantino I , el grande --Ricardo Corazon de Leon --Fernando el Católico -- Felipe II --Luis XIV --Federico el grande --Agustín de Iturbide /
650 ## - PUNTO DE ACCESO ADICIONAL DE MATERIA--TÉRMINO DE MATERIA
Descriptor Educación primaria
9 (RLIN) 1561
650 ## - PUNTO DE ACCESO ADICIONAL DE MATERIA--TÉRMINO DE MATERIA
Descriptor Historia
9 (RLIN) 136
942 ## - ELEMENTOS DE PUNTO DE ACCESO ADICIONAL (KOHA)
Fuente de clasificación
Tipo de item Libros-BMC
945 ## - PROCESAMIENTO DE INFORMACIÓN LOCAL (OCLC)
Catalogador rjall
Holdings
Estado de retiro (separado) Fuente de clasificación o esquema de estanterías Estado dañado Ubicación Sala donde se ubica Nombre de la colección Fecha de adquisición o compra Costo, precio normal en soles Signatura topográfica Código de Barras Última vez visto (Koha) Tipo de ítem (Koha)
No     Sala de Infantes Sala de Infantes Children's Area 2019-04-03 20.00 EP / 809 / V48 SI00001040 2019-04-03 Libros-BMC

Powered by Koha